<?xml version="1.0" encoding="UTF-8"?>
<marc:record xmlns:marc="http://www.loc.gov/MARC21/slim">
   <marc:leader>00000nam a2200000 a 4500</marc:leader>
   <marc:datafield ind1="1" ind2=" " tag="100">
      <marc:subfield code="a">Sautner, Thomas</marc:subfield>
      <marc:subfield code="4">aut</marc:subfield>
      <marc:subfield code="e">Verfasser/-in</marc:subfield>
   </marc:datafield>
   <marc:datafield ind1=" " ind2=" " tag="653">
      <marc:subfield code="a">Österreichische Literatur</marc:subfield>
   </marc:datafield>
   <marc:datafield ind1="0" ind2="0" tag="245">
      <marc:subfield code="a">Das Mädchen an der Grenze</marc:subfield>
   </marc:datafield>
   <marc:datafield ind1="0" ind2="0" tag="245">
      <marc:subfield code="b">Roman</marc:subfield>
   </marc:datafield>
   <marc:datafield ind1="0" ind2="0" tag="245">
      <marc:subfield code="c">Sautner, Thomas</marc:subfield>
   </marc:datafield>
   <marc:datafield ind1=" " ind2="1" tag="264">
      <marc:subfield code="a">Wien</marc:subfield>
      <marc:subfield code="b">Picus</marc:subfield>
      <marc:subfield code="c">2017</marc:subfield>
   </marc:datafield>
   <marc:datafield ind1="1" ind2=" " tag="520">
      <marc:subfield code="a">Die Welt und die Dinge in Thomas Sautners neuem Roman sind anders beschaffen, als es den Anschein hat. Wir schreiben das historische Wendejahr 1989, der Eiserne Vorhang fällt. Das Mädchen Malina, das mit seiner Familie in einem alten Zollhaus lebt, nimmt Dinge wahr, die niemand sonst zu erkennen vermag. Das lässt sie in eine Welt kippen, in der die üblichen Wahrheiten keinen Halt mehr bieten. Ist das Leben nur ein Traum, eine Illusion? Oder im Gegenteil: mehr, als wir je zu denken wagten? Ausgerechnet ihrem ruppigen Vater, dem Grenzbeamten, gelingt es schließlich, in ihr Universum vorzudringen. [Verlagsmeldung]</marc:subfield>
   </marc:datafield>
   <marc:datafield ind1=" " ind2=" " tag="020">
      <marc:subfield code="a">9783711720474</marc:subfield>
      <marc:subfield code="9">9783711720474</marc:subfield>
   </marc:datafield>
   <marc:datafield ind1=" " ind2=" " tag="020">
      <marc:subfield code="a">3711720471</marc:subfield>
      <marc:subfield code="9">3711720471</marc:subfield>
   </marc:datafield>
   <marc:datafield ind1=" " ind2=" " tag="041">
      <marc:subfield code="a">ger</marc:subfield>
   </marc:datafield>
   <marc:datafield ind1=" " ind2=" " tag="338">
      <marc:subfield code="a">Band</marc:subfield>
   </marc:datafield>
   <marc:datafield ind1=" " ind2=" " tag="300">
      <marc:subfield code="a">146 S.</marc:subfield>
   </marc:datafield>
</marc:record>
